LEADER 01204nam a2200289 u 4500 001 000000062322 003 CaOOAMICUS 005 20070226121124.0 008 010926s1958 it u000 u ita u 035 $a10904363 040 $aPUL(R)$bita 100 1 $aPiolanti, Antonio,$csac.,$d1911-2001.$0(OLS)http://pul/name/5746 245 10$aAspetti della grazia /$cAntonio Piolanti. 260 $aRoma :$bAres,$c1958. 300 $a376 p. ;$c21 cm 490 1 $aStudi Cattolici, la verità per la vita.$aDogma 504 $aBibliografia in nota. 650 4$aTeologia dogmatica.$0(OLS)http://pul/subject/663 650 4$aGrazia (teologia).$0(OLS)http://pul/subject/5643 830 0$aStudi Cattolici, la verità per la vita.$pDogma.$0(OLS)http://pul/title/83161 850 $aPUL 852 $aPUL$W1$xDP2 Religione 1$y63$m67 B 62$j81055$nBK-PRI$qStampati$B81055$CPULBib$Z2$F81055 $82 852 $aPUL$W1$xDP1 Fondo Cecchetti$y53$m286 C 14$j81056$nBK-PRI$b $qFondi$B81056$CPULBib$Z2$F81056 $HPUL8849 $81 941 1 $a8 941 1 $a1 996 $6245$aAspetti della grazia$9(OLS)http://pul/title/83160 996 $6260$aRoma :$bAres$9(OLS)http://pul/publisher/51177 LEADER 01558nam a2200361 a 4500 001 000000170320 003 CaOOAMICUS 005 20181106113113.0 008 181106s2017 it u000 u ita r 020 $a978-88-94900-02-6* 032 $aLibriCat 040 $aPUL$bita 041 0 $aita$aspa 082 04$a260 245 00$aTeologia e magistero, oggi /$ca cura di Antonio Livi ; con contributi di Ignacio Andereggen ... [et al.]. 260 $aRoma :$bLeonardo da Vinci,$c©2017. 300 $a159 p. ;$c24 cm. 490 1 $aDivinitas verbi ;$v01 504 $aBibliografia in nota. 546 $aInterventi in italiano e spagnolo. 650 4$aMagistero ecclesiastico.$0(OLS)http://pul/subject/2042 700 1 $aLivi, Antonio,$d1937-$0(OLS)http://pul/name/10769 700 1 $aAndereggen, Ignacio Eugenio Maria.$0(OLS)http://pul/name/17120 830 0$aDivinitas verbi ;$v01.$0(OLS)http://pul/title/211057 850 $aPUL 852 $aPUL$W1$xSL Religione 3$y85$m260 LIVAN 1B$j193272$b2. copia$qDDC 21$B198662$CPULBib$Z2$F198662 $H131583 $81 852 $aPUL$W1$xSL Religione 3$y85$m260 LIVAN 1$j193228$qDDC 21$B198591$CPULBib$Z2$F198591 $H131533 $81 941 1 $a9 996 $6020$a978-88-94900-02-6*$9(OLS)http://pul/number/165192 996 $6082$a260$9(OLS)http://pul/classification/1887 996 $6245$aTeologia e magistero, oggi$9(OLS)http://pul/title/211058 996 $6260$aRoma :$bLeonardo da Vinci$9(OLS)http://pul/publisher/51778